Quizzes
Events
Quiz Creation
Community
Videos
Private Events
Remove Ads
Sign In
Join for FREE
Feedback
Dark Mode
Quiz Categories
Sports
Geography
Music
Movies
Television
Just For Fun
Miscellaneous
History
Literature
Language
Science
Gaming
Entertainment
Religion
Holiday
For Kids
Quiz Lab
Recent
Popular Today
Quiz Kudos Today
Editor Picks
Curator Picks
Quizzes by...
Day
Popularity
Type
Ratings
Length
Year
Community
Subscriptions
Recent Discussions
Orange Saloon
Badges
Playlists
Quests
Create
Leaderboards
Showdown
Live 5
Trivia Bingo
Activity
Puzzle Library
Sporcle Events
Private Events
Virtual Trivia
Globe League
Become a Host
Pub Owners
SporcleCon
Opinionation
Our Games
Videos
Blog
Mobile Apps
Partnerships
Remove Ads and Go Orange
Feedback
Sports
Athletes
MLB
NBA
NHL
NFL
Soccer
Sports Teams
WWE
NCAA
Football
Premier League
Basketball
Baseball
Hockey
Golf
Tennis
Cricket
Rugby
Auto Racing
Olympics
World Cup
Sports
Athletes
MLB
NBA
NHL
NFL
Soccer
Sports Teams
WWE
NCAA
Football
Premier League
Basketball
Baseball
Hockey
Golf
Tennis
Cricket
Rugby
Auto Racing
Olympics
World Cup
Random Quiz
Search Sporcle
×
Quiz Lab
Quiz Lab
Sports
Super Bowl
Type in answers that appear in a list
Type in answers that appear in a list
Classic
Best Score? Go Orange.
Offensive Super Bowl Records Stats
Can you name the Offensive Super Bowl Records?
By
superbowlking
10m
54 Questions
72 Plays
72 Plays
72 Plays
Comments
Comments
Give Quiz Kudos
Give Quiz Kudos
-
- Ratings
hide this ad
Replay
Link that replays current quiz
Next Quiz
Link to next quiz in quiz playlist
You Got
0%
They Got
Avg Score
65%
Avg Friend Score
Upgrade to see
Score Distribution
Jump to the score distribution portion of the page
Score
0/54
Timer
10:00
0
Plays Today
Record
Player
% Correct
Most Passes Attempted Career (156)
Tom Brady
95.8%
Most Completions Career (100)
Tom Brady
95.8%
Most Completions Game 32 (1 of 2)
Tom Brady
95.8%
Most Attempts without interception game (48)
Tom Brady
95.8%
Most Receiving Yards Career (589)
Jerry Rice
93.1%
Most Receptions Career (33)
Jerry Rice
93.1%
Most Receiving Yards Game (215)
Jerry Rice
93.1%
Most Receiving TDs Career
Jerry Rice
93.1%
Most TD's Game
Jerry Rice
93.1%
Most Points Career 8 TDs
Jerry Rice
93.1%
Most Points Game 2 of 4
Jerry Rice
93.1%
Most Combined Yards Gained Career (604)
Jerry Rice
93.1%
Rushing Yards Game (204)
Timmy Smith
91.7%
Most Rushing TD's Career (5)
Emmitt Smith
91.7%
Highest Passing Rating Career 40 attempts (127.8)
Joe Montana
90.3%
Most Consecutive Completions (13)
Joe Montana
90.3%
Most TD's Career (11)
Joe Montana
90.3%
Lowest Percentage intercepted 40 att 1 of 2 (0.00)
Joe Montana
90.3%
Most TD's Game (6)
Steve Young
87.5%
Yards Gained Career (1156)
Kurt Warner
80.6%
Most Yards Game (414)
Kurt Warner
80.6%
Rushing Attempts Career (101)
Franco Harris
79.2%
Rushing Yards Career (354)
Franco Harris
79.2%
Most Combined Attempts Career (108)
Franco Harris
79.2%
Most Interceptions Career (8)
John Elway
75%
Most Passes Attempted Game (58)
Jim Kelly
73.6%
Avg. Gain Career
Terry Bradshaw
72.2%
Record
Player
% Correct
Highest Avg. Gain Game 20 att (14.71)
Terry Bradshaw
72.2%
Most Rushing TD's Game (3)
Terrell Davis
68.1%
Most Points Game 4 of 4
Terrell Davis
68.1%
Highest Completion Percentage Game 20 attempts (88.0)
Phil Simms
65.3%
Lowest QB Rating by a Superbowl winning QB
Ben Roethlisberger
62.5%
Longest Run From Scrimmidge (75)
Willie Parker
61.1%
Avg. Gain 20 attempts (9.6)
Marcus Allen
61.1%
Rushing Attempts Game (38)
John Riggins
58.3%
Completion % Career 40 attempts (70%)
Troy Aikman
58.3%
Most Interceptions Game (5)
Rich Gannon
58.3%
Most Combined Attempts Game (39)
John Riggins
58.3%
Most Completions Game 32 (2 of 2)
Drew Brees
52.8%
Most Points Game 1 of 4
Roger Craig
44.4%
Longest Pass Completion (85)
Jake Delhomme
43.1%
Longest Reception (85)
Muhsin Muhammad
40.3%
HighestAvg Receiving Gain Career 8 attempts
John Stallworth
40.3%
Highest Avg. Gain Game
john Stallworth
40.3%
Most PAT's Career (13)
Adam Vinatieri
38.9%
Lowest Percentage intercepted 40 att 2 of 2 (0.00)
Jim Plunkett
33.3%
Most Points Game 3 of 4
Ricky Watters
27.8%
Most Yards Gained Game 2 of 2 (244)
Desmond Howard
25%
Most Receptions Game (11)
Dan Ross
23.6%
Most PAT's Game 1 of 3 -
7
Mike Cofer
15.3%
Most PAT's Game 2 of 3 -
7
Lin Elliot
11.1%
Avg. Gain 10 attempts (10.5)
Tom Matte
9.7%
Most Yards Gained Game 1 of 2 (244)
Andre Coleman
4.2%
Most PAT's Game 3 of 3 -
7
Doug Brien
2.8%
Quiz Playlist
Details
Report
Send in Message
Add To Playlist
Classic:
Type in answers that appear in a list
Last Updated: Feb 16, 2017
Quiz Scoreboard
CHALLENGE
Sign Up to Join the Scoreboard
Show All
Scores
Hide
Comments
May contain spoilers
Recently Published
Presidents Visiting Landmarks
by Hejman
History
7m
An Introduction to Baseball
by treessimontrees
Sports
5m
Movies - When Are They Set?
by FPL_Elf
Movies
5m
More to Explore
Quiz From the Vault
Featured Blog Post
Where Did the Easter Bunny Come From?
hide this ad
You Might Also Like...
Tags
Offensive
Player
record
Super Bowl
Today's Top Quizzes in Sports
Browse Sports
hide this ad
Today's Top Quizzes in Super Bowl
Browse Super Bowl
Top Contributed Quizzes in Sports
1
Les meilleurs buteurs des matchs entre le PSG et l’OM
2
2022 World Cup Stars
3
FIFA Club World Cup Champions
4
Les entraîneurs de l'OM et du PSG au 21e siècle
5
Name the Premier League winners with different clubs
6
La finale Lions - Afrique du Sud 2021
7
5-to-1: UK Sports Teams
8
England Test cricketers to play under Nasser Hussain
9
Players with Multiple 50 Home Run Seasons
10
AFC Teams Reveal (Wrong Answers Minefield)
Explore More
Trending Topics
NBA
Marvel
Crossword
Disney
Harry Potter
Kpop
Anime
Pokémon
Soccer
Song
The Office
NFL
WWE
Country
Puzzle
hide this ad
More By:
superbowlking
Quiz
Plays
Rating
Category
Featured
Created
Super Bowl MVP's
884
3.83
Sports
Feb 1, 2011
100+ Career Super Bowl Rushing Yards
174
4.75
Sports
Jan 15, 2011
1995 Super Bowl Pittsburgh Steelers Roster
169
1.00
Sports
Feb 4, 2011
300+ Career Super Bowl Passing Yards
115
2.00
Sports
Jan 15, 2011
Super Bowl Halftime Shows
100
5.00
Sports
Feb 2, 2011
Go to Creator's Profile
Score Distribution
Quiz Creator Spotlight
superbowlking
Follow
Send a Message
Quizzes Created
-
Created Quiz Play Count
-
More By This Creator
Popular Quizzes Today
1
Find the US States - No Outlines Minefield
2
Find the Countries of Europe - No Outlines Minefield
3
The Countries of the World
4
Find the US States
5
Popular People in 1961
6
US States
7
Risky Map Clicking: Biggest States A-Z
8
Movies - When Are They Set?
More Sports Quizzes
BCS Bowl Games
Published
Trending Quizzes
Risky Map Clicking: Least Populous States A-Z
1-10 Letter G Words
1-10 Letter F Words
Risky Map Clicking: Next State Alphabetically
Risky Map Clicking: Biggest States A-Z
Recently Updated
Leaping Animals
pecheneg
Reality TV Shows (A-Z)
bhenderson79
Rickey Henderson's Hall of Fame Teammates
pecheneg
Champions League XIs: Arsenal
pecheneg
Quick Pick: Celebrities in WWE's Hall of Fame
aduchscher
A-Z Keypad Blitz II
pecheneg
Multiple Oscar Actors
pecheneg
Mystery Phrase Blitz: Oscar 'Best Actors'
pecheneg
F. Scott Fitzgerald Novels
LTH
Pick 3 Villains
ddd62291
Trending Topics
Anime
Marvel
Kpop
Disney
NBA
Harry Potter
Crossword
WWE
NFL
Pokémon
Country
Puzzle
Soccer
The Office
Song
Your Account Isn't Verified!
In order to create a playlist on Sporcle, you need to verify the email address you used during registration. Go to your
Sporcle Settings
to finish the process.
Report this User
Report this user for behavior that violates our
Community Guidelines
.
Details:
Send Report
Go to the Sporcle.com Mobile Site →
Comments